Statystyki dla Najludniejsze miasta Europy nie będące stolicą państwa

Kliknij tutaj aby rozwiązać quiz!

Ogólne statystyki

  • Ten quiz został rozwiązany 698 razy
  • Średni wynik to 14 z 30

Statystyki odpowiedzi

lp.PopulacjaMiasto% Poprawnych
41 620 809Barcelona
93%
29769 498Kraków
93%
25 323 300Petersburg
89%
51 456 039Monachium
87%
114 804 116Stambuł
86%
31 830 584Hamburg
83%
71 372 810Mediolan
81%
23861 635Marsylia
71%
20962 495Neapol
70%
61 451 028Charków
63%
22878 074Turyn
59%
101 137 100Birmingham
56%
30746 878Frankfurt
55%
131 080 394Kolonia
50%
21955 041Donieck
45%
26787 808Walencja
43%
171 008 162Odessa
41%
111 136 566Kazań
32%
19979 617Wołgograd
30%
27784 800Leeds
28%
81 263 873Niżny Nowogród
26%
18999 577Dniepr
25%
91 172 348Samara
22%
141 051 583Perm
19%
121 115 000Rostów nad Donem
18%
151 030 812Ufa
17%
28772 627Zaporoże
14%
24809 000Krasnodar
13%
161 023 957Woroneż
11%
25843 460Saratów
8%

Rozkład punktacji

Percentyl według liczby udzielonych odpowiedzi

Procent ludzi z każdym wynikiem

Twoja historia wyników

Nie rozwiązałeś tego quizu